Vida privada y honra frente a las libertades de opinión e información: el ejercicio del periodismo entre dos aguas
Kaydedildi:
| Yazar: | |
|---|---|
| Diğer Yazarlar: | |
| Materyal Türü: | Kitap |
| Dil: | İspanyolca |
| Baskı/Yayın Bilgisi: |
Santiago
Librotecnia
2008
|
| Edisyon: | 1a. ed |
| Konular: | |
| Etiketler: |
Etiketle
Etiket eklenmemiş, İlk siz ekleyin!
|
MARC
| LEADER | 00000cam a2200000 a 4500 | ||
|---|---|---|---|
| 001 | UCG8561 | ||
| 003 | CL-VaPUC | ||
| 008 | 111216e20080000CL |||||||||||||||||spa|d | ||
| 020 | |a 9789567950928 | ||
| 082 | 0 | 4 | |a 342.0853 |b GAR |2 21 |
| 100 | |a Garay Opaso, Osvaldo Arturo |e author |9 779665 | ||
| 700 | |a González Jara, Manuel Ángel |e autor |9 383514 | ||
| 245 | 1 | 0 | |a Vida privada y honra frente a las libertades de opinión e información: el ejercicio del periodismo entre dos aguas |
| 250 | |a 1a. ed | ||
| 300 | |a 301 p | ||
| 942 | |c BK | ||
| 945 | |d 20111216 00:00:00 |a dcastane | ||
| 260 | |a Santiago |b Librotecnia |c 2008 | ||
| 650 | 0 | |a Libertad de expresión |9 329993 | |
| 650 | 0 | |a Libertad de opinión |9 404292 | |
| 650 | 7 | |a DERECHO AL HONOR |2 CL-VaPUC |9 416057 | |
| 650 | 0 | |a Jurisprudencia |9 255952 | |
| 650 | 0 | |a Derechos humanos |9 223025 | |
| 650 | 0 | |a Derecho civil chileno |9 320612 | |
| 650 | 0 | |a Libertad de información |9 257205 | |
| 583 | |a last modification |c 20111216 11:30:00 |k Rodrigo Vera | ||
| 999 | |c 346168 |d 346166 | ||
| 952 | |0 0 |1 0 |4 0 |6 342_085300000000000_GAR_2008 |7 0 |8 A |9 446746 |a BIBDER |b BIBDER |d 2019-11-22 |i 4816013 |o 342.0853 GAR 2008 |p 4816013 |r 2023-01-25 |w 2019-11-22 |y BK |k DER | ||